• 首页
  • 本馆介绍
  • 公告通知
  • 最新文献
  • 馆藏检索
  • 电子资源
  • 读者导购
  • 参考咨询
  • 我的图书馆
  • 登录
  • 详细信息显示
  • 放入我的书架
  • 预约/预借图书
  • 作者相关作品
  • 分类相关作品
  • 丛书相关作品
  • 出版社相关作品

书目信息

  • 表格格式
  • 工作单格式
  • 卡片格式
题名:
全宋词中的乐舞资料
    
 
作者: 金千秋 编
分册:  
出版信息: 北京   人民音乐出版社  1990
页数: 236页
开本: 21cm
丛书名:
单 册:
中图分类: I207.23 , J609.22
科图分类:
主题词: 宋词--文学研究 , 宋词 , 文学研究 , 乐舞--音乐史--中国--古代--史料 , 音乐史 , 乐舞
电子资源:
ISBN: 7-103-00685-7
000 00877nam0 2200289 450
001 010005005838
005 20070806092620.98
010    @a7-103-00685-7@b精装@dCNY28.20
100    @a20040517e20031990em y0chiy0120 ea
101 0  @achi
102    @aCN@b110000
105    @ay z 000yy
200 1  @a全宋词中的乐舞资料@9quan song ci zhong de yue wu zi liao@f金千秋编
210    @a北京@c人民音乐出版社@d1990@h2003
215    @a236页@d21cm
330    @a本书主要包括:宋代的舞蹈;舞袖;歌舞伎人;元宵乐舞;乐器等六部分内容,为研究音乐史、舞蹈史提供了参考资料。
606 0  @a宋词@x文学研究
606 0  @a宋词
606 0  @a文学研究
606 0  @a乐舞@x音乐史@y中国@z古代@j史料
606 0  @a音乐史
606 0  @a乐舞
690    @aI207.23@v4
690    @aJ609.22@v4
701  0 @a金千秋@9jin qian qiu@4编
801  0 @aCN@bRENTIAN@c20070806
905    @a10447@dI207.23@e778
    
    全宋词中的乐舞资料/金千秋编.-北京:人民音乐出版社,1990(2003)
    236页;21cm
    
    
    ISBN 7-103-00685-7(精装):CNY28.20
    本书主要包括:宋代的舞蹈;舞袖;歌舞伎人;元宵乐舞;乐器等六部分内容,为研究音乐史、舞蹈史提供了参考资料。
●
相关链接 在E读中查询图书 在五车中查询图书 在当当中查询图书 在豆瓣中查询图书


正题名:全宋词中的乐舞资料     索取号:I207.23/778         预约/预借

序号 登录号 条形码 馆藏地/架位号 状态 备注
1 0807110   208071101   第一样本阅览室/ [索取号:I207.23/778] 在馆    
2 0807111   208071110   第二借阅区/ [索取号:I207.23/778] 在馆    
3 0807112   208071129   第二借阅区/ [索取号:I207.23/778] 在馆    
4 0807113   208071138   第二借阅区/ [索取号:I207.23/778] 在馆    
5 0807114   208071147   第二借阅区/ [索取号:I207.23/778] 在馆    
唐山师范学院图书馆 欢迎您!
大连网信软件有限公司© 版权所有